00354 2200145 4500001002100000005001500021035002000036245005300056100002200109300001200131260003100143082000800174084001400182990001200196INLIS00000000000205920250527093130 a0010-05250003511 aTentara dan Kaum Bersenjata /cY.B. Mangunwijaya0 aY.B. Mangunwijaya a196 hlm ajakarta :bErlangga,c1999 a813 a813 Y.B t a0713112